Kluby III ligi grupy IV sezon 2023/24 - Statystyki

Ogólne statystyki
  • Ten quiz został rozwiązany 20 razy
  • Średni wynik to 9 z 18
Statystyki odpowiedzi
Województwo Odpowiedzi % Poprawnych
Małopolskie Wieczysta Kraków
88%
Lubelskie Avia Świdnik
82%
Podkarpackie Wisłoka Dębica
65%
Małopolskie Garbarnia Kraków
59%
Podkarpackie Sokół Sieniawa
59%
Małopolskie Unia Tarnów
59%
Lubelskie Chełmianka Chełm
53%
Podkarpackie KS Wiązownica
53%
Lubelskie Orlęta Radzyń Podlaski
53%
Małopolskie Podhale Nowy Targ
53%
Podkarpackie Cosmos Nowotaniec
47%
Świętokrzyskie Czarni Połaniec
47%
Lubelskie Podlasie Biała Podlaska
47%
Lubelskie Świdniczanka Świdnik
47%
Małopolskie Wiślanie Jaśkowice
47%
Świętokrzyskie Star Starachowice
41%
Świętokrzyskie KSZO Ostrowiec Świętokrzyskie
12%
Podkarpackie Siarka Tanobrzeg
6%
Nie znaleziono quizów pasujących do podanych kryteriów
Rozkład punktacji
Procent ludzi z każdym wynikiem
Percentyl według liczby udzielonych odpowiedzi
Twoja historia wyników
Nie rozwiązałeś tego quizu